Spotreba potravín v SR 2006

Enregistré dans:
Détails bibliographiques
Format: Livre
Langue:slovaque
anglais
Publié: Bratislava Štatistický úrad Slovenskej republiky 2007
Collection:Demografia a sociálna štatistika
Sujets:
Tags: Ajouter un tag
Pas de tags, Soyez le premier à ajouter un tag!

MARC

LEADER 00000nam$a2200000$$$4500
001 0069189
005 20251008072928.7
041 0 |a slo 
041 0 |a eng 
044 |a SK 
245 1 0 |a Spotreba potravín v SR 2006 
264 1 |a Bratislava  |b Štatistický úrad Slovenskej republiky  |c 2007 
300 |a 29 s. 
490 1 |a Demografia a sociálna štatistika 
830 0 |a Demografia a sociálna štatistika 
610 2 0 |a Slovensko 
610 2 0 |a potraviny 
610 2 0 |a spotreba potravín